| 000 | 00362nam a2200133Ia 4500 | ||
|---|---|---|---|
| 008 | 240624s9999 xx 000 0 und d | ||
| 041 | _aeng | ||
| 082 | _a300.72 PAR | ||
| 100 | _aPARTINGTON DAVID | ||
| 245 | _aESSENTIAL SKILLS FOR MANAGEMENT RESEARCH | ||
| 260 |
_c2002 _aLondon _bSage International |
||
| 300 | _axxiv, : 282 : p. : cm. ; 24 | ||
| 365 |
_cGBP _b38 |
||
| 999 |
_c22509 _d22509 |
||